| 000 | 00737nam a2200241Ia 4500 | ||
|---|---|---|---|
| 003 | OSt | ||
| 005 | 20260216141257.0 | ||
| 008 | 210210b2017 xxu||||| |||| 00| 0 eng d | ||
| 020 | _a9788126427598 | ||
| 040 | _cAL | ||
| 041 | _aMalayalam | ||
| 082 | _a894.8121 KATM | ||
| 100 |
_aKATTAKKADA (Murukan) _dകാട്ടാക്കട (മുരുകൻ) _9255037 |
||
| 245 |
_aMurukan kattakkayute kavithakal _bമുരുകൻ കാട്ടാക്കടയുടെ കവിതകൾ |
||
| 260 |
_aKottayam _bD C Books _c2017 |
||
| 300 | _a94 | ||
| 650 |
_aMurukan _9255038 |
||
| 650 |
_akavithakal _9255039 |
||
| 650 |
_akattakkayute _9255040 |
||
| 690 |
_aMalayalam _9255041 |
||
| 906 | _a072396 | ||
| 942 |
_2ddc _cBK |
||
| 999 |
_c122345 _d122345 |
||